00452 2200181 4500001002100000035002000021245005900041100001500100250001000115260003600125300002100161020002200182084001600204082001000220650001800230990001100248990001100259INLIS000000000014900 a0010-1022000218 aAll Out Of LovecNovaadhita,penyunting; Fitri Febriani aNOVAADHITA acet.1 aJakarta :bRainbow Books,c2019 a419 hlm.c19 cm. a978-602-53866-1-9 a808.3 NOV a a808.3 aSASTRA, NOVEL a9721 a a9721 b